000 00340nam a2200145Ia 4500
008 191201s2012 xx 000 0 und d
082 _a658.5
_bMCO
100 _aMCSHANE, Steven L
245 0 _aOrganizational Behavior
250 _a3rd
260 _aN.Delhi
_bTata Mc Graw Hill
_c2012
300 _a793
650 _aMBA
942 _2ddc
_cBK
999 _c3217
_d3217